<?xml version="1.0" encoding="UTF-8"?>
<record
    xmlns:xsi="http://www.w3.org/2001/XMLSchema-instance"
    xsi:schemaLocation="http://www.loc.gov/MARC21/slim http://www.loc.gov/standards/marcxml/schema/MARC21slim.xsd"
    xmlns="http://www.loc.gov/MARC21/slim">

  <leader>03152nam a2200421 i 4500</leader>
  <controlfield tag="001">148395</controlfield>
  <controlfield tag="003">FlNmELB</controlfield>
  <controlfield tag="005">20241217182325.0</controlfield>
  <controlfield tag="006">m     o  d |      </controlfield>
  <controlfield tag="007">cr cnu||||||||</controlfield>
  <controlfield tag="008">210421s2008    sp a    o     000 0 spa d</controlfield>
  <datafield tag="020" ind1=" " ind2=" ">
    <subfield code="a">9788434242173</subfield>
    <subfield code="q">(e-book)</subfield>
  </datafield>
  <datafield tag="035" ind1=" " ind2=" ">
    <subfield code="a">(OCoLC)1252202658</subfield>
  </datafield>
  <datafield tag="040" ind1=" " ind2=" ">
    <subfield code="a">FINmELB</subfield>
    <subfield code="b">spa</subfield>
    <subfield code="e">rda</subfield>
    <subfield code="c">FINmELB</subfield>
  </datafield>
  <datafield tag="050" ind1=" " ind2="4">
    <subfield code="a">NC1765</subfield>
    <subfield code="b">.C537 2008</subfield>
  </datafield>
  <datafield tag="080" ind1=" " ind2=" ">
    <subfield code="a">791.228</subfield>
  </datafield>
  <datafield tag="082" ind1="0" ind2="4">
    <subfield code="a">791.4334</subfield>
    <subfield code="2">23</subfield>
  </datafield>
  <datafield tag="100" ind1="1" ind2=" ">
    <subfield code="a">C&#xE1;mara, Sergi,</subfield>
    <subfield code="e">autor.</subfield>
  </datafield>
  <datafield tag="245" ind1="1" ind2="3">
    <subfield code="a">El dibujo animado /</subfield>
    <subfield code="c">Proyecto y realizaci&#xF3;n de Parram&#xF3;n Paidotribo ; textos, Sergi C&#xE0;mara.</subfield>
  </datafield>
  <datafield tag="250" ind1=" " ind2=" ">
    <subfield code="a">3a edici&#xF3;n.</subfield>
  </datafield>
  <datafield tag="264" ind1=" " ind2="1">
    <subfield code="a">Barcelona :</subfield>
    <subfield code="b">Parramon,</subfield>
    <subfield code="c">2008.</subfield>
  </datafield>
  <datafield tag="300" ind1=" " ind2=" ">
    <subfield code="a">1 recurso en l&#xED;nea (191 p&#xE1;ginas) :</subfield>
    <subfield code="b">ilustraciones a color</subfield>
  </datafield>
  <datafield tag="336" ind1=" " ind2=" ">
    <subfield code="a">texto</subfield>
    <subfield code="b">txt</subfield>
    <subfield code="2">rdacontent/spa</subfield>
  </datafield>
  <datafield tag="337" ind1=" " ind2=" ">
    <subfield code="a">computadora</subfield>
    <subfield code="b">c</subfield>
    <subfield code="2">rdamedia/spa</subfield>
  </datafield>
  <datafield tag="338" ind1=" " ind2=" ">
    <subfield code="a">recurso en l&#xED;nea</subfield>
    <subfield code="b">cr</subfield>
    <subfield code="2">rdacarrier/spa</subfield>
  </datafield>
  <datafield tag="490" ind1="1" ind2=" ">
    <subfield code="a">Aula de dibujo profesional</subfield>
  </datafield>
  <datafield tag="505" ind1="0" ind2=" ">
    <subfield code="a">Breve historia y cronolog&#xED;a El Estudio y los Materiales Organizaci&#xF3;n del estudio Los materiales necesarios El Storyboard La composici&#xF3;n esc&#xE9;nica La planificaci&#xF3;n escena por escena La realizaci&#xF3;n del storyboard Creaci&#xF3;n y Construcci&#xF3;n de Personajes Fabricando a los actores a partir de un gui&#xF3;n escrito Construyendo a partir de formas geom&#xE9;tricas sencillas La pose del personaje. Definici&#xF3;n a trav&#xE9;s de la forma La tipolog&#xED;a b&#xE1;sica de nuestros actores El lenguaje corporal. La expresi&#xF3;n no verbal Las hojas modelo (model-sheets) El Layout Elementos que componen el layout El layout de c&#xE1;mara El layout de fondo El layout de animaci&#xF3;n La Animaci&#xF3;n Dar vida a sujetos inanimados Los ayudantes del animador La caminata. Desplazamiento y car&#xE1;cter El Acabado Los fondos. Donde transcurre la acci&#xF3;n El trabajo del ordenador.</subfield>
  </datafield>
  <datafield tag="520" ind1=" " ind2=" ">
    <subfield code="a">La intenci&#xF3;n de este libro es acercar las f&#xF3;rmulas de la animaci&#xF3;n cl&#xE1;sica a todo aquel que desee formarse como profesional y entrar a formar parte de un estudio en que se realice una producci&#xF3;n, o bien a aquellos artistas que prefieran llevar a cabo su propia obra por medio de la animaci&#xF3;n tradicional, el 3D u otro programa o sistema inform&#xE1;tico que permita la secuenciaci&#xF3;n de im&#xE1;genes fotograma a fotograma. El soporte, la t&#xE9;cnica y el sistema son distintos, pero las f&#xF3;rmulas de la animaci&#xF3;n tradicional son las mismas. En cine, la televisi&#xF3;n, la creaci&#xF3;n de p&#xE1;ginas web o la realizaci&#xF3;n de clips para su difusi&#xF3;n por internet han contribuido a que la presencia de la animaci&#xF3;n sea cada vez m&#xE1;s constante y, a la vez, son tambi&#xE9;n m&#xE1;s numerosos los curiosos que se acercan a esta t&#xE9;cnica con la clara intenci&#xF3;n de comunicarse mediante la animaci&#xF3;n como con cualquier otro medio de expresi&#xF3;n art&#xED;stico.</subfield>
  </datafield>
  <datafield tag="650" ind1=" " ind2="0">
    <subfield code="a">Animation (Cinematography)</subfield>
  </datafield>
  <datafield tag="650" ind1=" " ind2="4">
    <subfield code="a">Animaci&#xF3;n (Cinematograf&#xED;a)</subfield>
  </datafield>
  <datafield tag="655" ind1=" " ind2="4">
    <subfield code="a">Libros electr&#xF3;nicos.</subfield>
  </datafield>
  <datafield tag="797" ind1="2" ind2=" ">
    <subfield code="a">elibro, Corp.</subfield>
  </datafield>
  <datafield tag="830" ind1=" " ind2="0">
    <subfield code="a">Aula de dibujo profesional.</subfield>
  </datafield>
  <datafield tag="856" ind1="4" ind2="0">
    <subfield code="u">https://elibro.net/ereader/politecnicointernacional/119226</subfield>
  </datafield>
  <datafield tag="999" ind1=" " ind2=" ">
    <subfield code="c">148395</subfield>
    <subfield code="d">148395</subfield>
  </datafield>
</record>
